00000000nam##2200000za#4500
0019.650370
003CaOODSP
00520250107104058
007ta
008150407|2007||||xxc|||||     f|0| 0 eng|d
020 |a0-662-44325-X
040 |aCaOODSP|beng
043 |an-cn---
0861 |aR64-105/51-2007E
1102 |aParks Canada.
24514|aThe fur trade at Lachine National Historic Site of Canada : |bmanagement plan / |cWestern Quebec Field Unit.
260 |aMontreal - Quebec : |bParks Canada |cOctober 2007.
300 |a55p. : |bcoloured maps, folded maps, references, photographs ; |c28 cm.
5203 |aThis management plan is a strategic guide for the future management and conservation of this national historic site. It provides a strategy that follows legislative and policy requirements while addressing local issues and circumstances. The plan includes information about the site’s history and value as a cultural resource; its operating environment and programming; strategies for retaining its integrity; future plans; and an environmental assessment summary.
563 |aSoftcover
590 |a08-02|b2008-01-11
69007|aHistoric sites|2gcpds
77508|tLieu historique national du Canada du commerce-de-la-fourrure-à-Lachine : |w(CaOODSP)9.683484
7760#|tThe Fur Trade at Lachine National Historic Site of Canada management plan.|w(CaOODSP)9.946574